| 000 | 01405nam a2200241Ia 4500 | ||
|---|---|---|---|
| 999 |
_c39720 _d39720 |
||
| 001 | 6325 | ||
| 003 | GE_BSU | ||
| 005 | 20190507174020.0 | ||
| 008 | 181216s1985||||ge |||||||||||||| ||geo|| | ||
| 040 | _cGE_BSU | ||
| 041 | _ageo | ||
| 080 | _a693.002.5(075.8) + 621.81(075.8) კ-36 | ||
| 100 |
_aკაციტაძე, ო. _9806 |
||
| 245 |
_aსამშენებლო მანქანები და სამშენებლო პროცესების ავტომატიზაცია პირველი ნაწილი-მანქანათა ნაწილები : _bსახელმძღვ. / _cო. კაციტაძე, ჯ. ბიჭიაშვილი ; რედ. დ. თავხელიძე. |
||
| 264 |
_aთბილისი : _bუნ-ტის გამ-ბა, _c1985. |
||
| 300 |
_a390 გვ. : _bნახაზები ; _c21 სმ. |
||
| 504 | _aბიბლიოგრ. : გვ.379-388. | ||
| 653 | _aმანქანათა ნაწილები | ||
| 653 | _aსამშენებლო მანქანები და სამშენებლო პროცესების ავტომატიზაცია | ||
| 700 |
_aბიჭიაშვილი, ჯ. _eავტორი _9913 |
||
| 700 |
_aთავხელიძე, დ. _eრედაქტორი _9914 |
||
| 942 |
_cBK _2udc |
||